000 00318nam a22001337a 4500
008 170601b xxu||||| |||| 00| 0 eng d
020 _a0060113014
041 _aeng
080 _a94
100 _a17
101 _aSHH
245 _aFALL OF THE PEACOCK THRONE THE STORY IRAN
_cFORBIS.W.H
942 _2udc
_cBK
999 _c15404
_d15404